Statistics for いすゞキュービックの在籍する路線バス事業者

Click here to take the quiz!

General Stats

  • This quiz has been taken 12 times
  • The average score is 12 of 41

Answer Stats

答え% Correct
関東自動車
55%
山梨交通
55%
長崎自動車
55%
北海道中央バス
45%
鹿児島交通
45%
岩手県交通
45%
宮崎交通
45%
アルピコ交通
45%
茨城交通
45%
伊豆箱根バス
45%
奈良交通
36%
長崎県交通局
36%
東海バス
36%
近江鉄道
36%
対馬交通
36%
三重交通
36%
新常磐交通
36%
仙台市交通局
36%
琉球バス交通
36%
南国交通
36%
九州産交バス
27%
くしろバス
27%
越後交通
27%
関越交通
27%
道南バス
27%
羽後交通
27%
秋北バス
27%
秋葉バスサービス
27%
しずてつジャストライン
27%
那覇バス
18%
南部バス
18%
島原鉄道
18%
新潟交通観光バス
18%
さいかい交通
18%
昭和自動車
18%
糸魚川バス
18%
北海道拓殖バス
9%
しまバス
9%
丹後海陸交通
9%
なべタクシー
0%
東和交通
0%

Score Distribution

Percentile by Number Answered

Percent of People with Each Score

Your Score History

You have not taken this quiz